000 00379nam a2200145Ia 4500
008 240624s9999 xx 000 0 und d
041 _aeng
082 _a658.401 SUM
100 _aSUMMERS DONNA C S
245 _aQUALITY MANAGEMENT CREATING AND SUSTAINI
250 _a(2nd ed.)
260 _c2015
_aNew Delhi
_bPearson
300 _axiv : 574 : p. : cm. ; 26
365 _cRS
_b33
999 _c24639
_d24639